[Event "TCh-FRA Top 12 2019"]
[Site "Brest FRA"]
[Date "2019.05.27"]
[Round "10.5"]
[Board "4"]
[White "Delabaca, Romuald"]
[Black "Brochet, Philippe"]
[Result "0-1"]
[WhiteTitle "FM"]
[BlackTitle "IM"]
[WhiteElo "2360"]
[BlackElo "2400"]
[WhiteTeam "Cannes Echecs"]
[BlackTeam "T H F Saint-Quentin"]
[WhiteFideId "614661"]
[BlackFideId "602469"]
[EventDate "2019.05.18"]

1. Nf3 d5 2. e3 Nc6 3. d4 Bg4 4. c4 e6 5. h3 Bxf3 6. Qxf3 Nf6 7. Nc3 a6 8. Qd1
Be7 9. Be2 dxc4 10. Bxc4 e5 11. d5 Nb8 12. a4 Nbd7 13. e4 Bc5 14. O-O O-O 15.
Qf3 Ne8 16. Ne2 Nd6 17. Bd3 Qh4 18. g4 Rac8 19. Kg2 c6 20. Nc3 Bd4 21. dxc6 Rxc6
22. Nd5 Nc5 23. Bc2 Kh8 24. Rb1 Ne6 25. Bd3 Ng5 26. Bxg5 Qxg5 27. Qe2 Nc8 28.
Rfd1 Nb6 29. Nxb6 Rxb6 30. b3 Rf6 31. f3 h5 32. Qd2 Be3 33. Qe2 h4 34. Re1 Qf4 0-1

[Event "TCh-FRA Top 12 2019"]
[Site "Brest FRA"]
[Date "2019.05.27"]
[Round "10.6"]
[Board "2"]
[White "Van Foreest, Jorden"]
[Black "Balogh, Csaba"]
[Result "1-0"]
[WhiteTitle "GM"]
[BlackTitle "GM"]
[WhiteElo "2601"]
[BlackElo "2598"]
[WhiteTeam "Clichy-Echecs-92"]
[BlackTeam "Club d'Echecs Metz Fischer"]
[WhiteFideId "1039784"]
[BlackFideId "718939"]
[EventDate "2019.05.18"]

1. d4 Nf6 2. Nf3 e6 3. c4 b6 4. g3 Bb7 5. Bg2 Bb4+ 6. Bd2 a5 7. O-O O-O 8. Qc2
Be4 9. Qb3 c5 10. dxc5 Bxc5 11. Nc3 Bc6 12. Rad1 Na6 13. Bf4 Qe7 14. Na4 d5 15.
Ne5 Bxa4 16. Qxa4 Qb7 17. cxd5 Nxd5 18. a3 b5 19. Qb3 Rfd8 20. Be4 Rac8 21. Qf3
Bf8 22. Bd2 Qc7 23. Nxf7 1-0

[Event "TCh-FRA Top 12 2019"]
[Site "Brest FRA"]
[Date "2019.05.27"]
[Round "10.6"]
[Board "3"]
[White "Malakhov, Vladimir"]
[Black "Van Wely, Loek"]
[Result "1-0"]
[WhiteTitle "GM"]
[BlackTitle "GM"]
[WhiteElo "2660"]
[BlackElo "2600"]
[WhiteTeam "Club d'Echecs Metz Fischer"]
[BlackTeam "Clichy-Echecs-92"]
[WhiteFideId "4120787"]
[BlackFideId "1000268"]
[EventDate "2019.05.18"]

1. Nf3 c5 2. c4 Nc6 3. Nc3 g6 4. e3 Nf6 5. d4 cxd4 6. exd4 d5 7. cxd5 Nxd5 8.
Qb3 e6 9. Bb5 Bg7 10. O-O O-O 11. Bxc6 bxc6 12. Re1 Qc7 13. h3 a5 14. Bd2 Rb8
15. Nxd5 cxd5 16. Bxa5 Rxb3 17. Bxc7 Rxb2 18. a4 Ba6 19. Reb1 Rc2 20. Bd6 Ra8
21. Ne5 h5 22. a5 g5 23. Rb6 Bxe5 24. Bxe5 Kh7 25. Ra3 g4 26. hxg4 hxg4 27. f3
g3 28. Bxg3 Kg6 29. Ra1 Kf5 30. Bb8 Rd2 31. Rb4 Bc4 32. Rb7 Kg6 33. Rb6 Ra6 34.
Rxa6 Bxa6 35. Ba7 Kf5 36. Re1 Re2 37. Rxe2 Bxe2 38. Kf2 Bc4 39. Bb8 f6 40. g4+
Kg6 41. f4 Kf7 42. Bd6 Ke8 43. Ke3 Bf1 44. g5 Kf7 45. Bc7 Kg6 46. Bd8 fxg5 47.
fxg5 Kf5 48. Bf6 Ba6 49. Kd2 e5 50. Bxe5 Kxg5 51. Kc3 Kf5 52. Kb4 Ke6 53. Kc5
Kd7 54. Kb6 1-0

[Event "TCh-FRA Top 12 2019"]
[Site "Brest FRA"]
[Date "2019.05.27"]
[Round "10.6"]
[Board "5"]
[White "Fedorchuk, Sergey A."]
[Black "Libiszewski, Fabien"]
[Result "1/2-1/2"]
[WhiteTitle "GM"]
[BlackTitle "GM"]
[WhiteElo "2620"]
[BlackElo "2511"]
[WhiteTeam "Club d'Echecs Metz Fischer"]
[BlackTeam "Clichy-Echecs-92"]
[WhiteFideId "14102536"]
[BlackFideId "616834"]
[EventDate "2019.05.18"]

1. e4 e6 2. d4 d5 3. Nd2 c5 4. Ngf3 Nc6 5. exd5 exd5 6. Bb5 Qe7+ 7. Be2 Nf6 8.
O-O Qc7 9. Re1 cxd4 10. Nb3 Bb4 11. Bd2 Bxd2 12. Qxd2 O-O 13. Bd3 Bg4 14. Nfxd4
Rfe8 15. Nb5 Qb6 16. Qf4 a6 17. Nc7 Rxe1+ 18. Rxe1 Rd8 19. h3 Bc8 20. c4 Qb4 21.
Re3 dxc4 22. Bxc4 Nd4 23. Ne8 Qxc4 24. Nxf6+ gxf6 25. Kh2 Qd5 26. Nxd4 Qxd4 27.
Re8+ Kg7 28. Qxd4 Rxd4 29. Rxc8 Rd2 30. b4 Rxa2 31. Rb8 b5 32. f3 Rb2 33. Rb6
Rxb4 34. Rxa6 h5 35. g4 h4 36. Rb6 Rb2+ 37. Kg1 b4 38. f4 b3 39. Rb8 Kg6 40. Rb6
Kh7 41. Rb7 Kg7 42. Rb8 f5 43. g5 Rb1+ 44. Kg2 b2 45. Kh2 Rf1 46. Rxb2 Rxf4 47.
Rb6 Rf2+ 48. Kg1 Rf3 49. Kh2 Rg3 50. Rh6 Rxg5 1/2-1/2

[Event "TCh-FRA Top 12 2019"]
[Site "Brest FRA"]
[Date "2019.05.27"]
[Round "10.6"]
[Board "7"]
[White "Terrieux, Kevin"]
[Black "Relange, Eloi"]
[Result "0-1"]
[WhiteTitle "IM"]
[BlackTitle "GM"]
[WhiteElo "2455"]
[BlackElo "2456"]
[WhiteTeam "Club d'Echecs Metz Fischer"]
[BlackTeam "Clichy-Echecs-92"]
[WhiteFideId "622591"]
[BlackFideId "600822"]
[EventDate "2019.05.18"]

1. d4 d6 2. e4 Nf6 3. Nc3 e5 4. Nf3 Nbd7 5. Bc4 Be7 6. a4 O-O 7. O-O c6 8. h3
Re8 9. Re1 Qc7 10. a5 exd4 11. Nxd4 Ne5 12. Bf1 Bd7 13. f4 Ng6 14. g4 h6 15. Nf5
Bf8 16. Bd2 Rad8 17. Bd3 b5 18. axb6 Qxb6+ 19. Be3 c5 20. Ra6 Qxb2 21. Qd2 Qb8
22. Ng3 d5 23. exd5 Nxf4 24. Bxf4 Rxe1+ 25. Kg2 Qb4 26. Bxh6 Rde8 27. Rxf6 gxf6
28. Bxf8 Kxf8 29. Qh6+ Ke7 30. d6+ Kd8 31. Qxf6+ Kc8 32. Nd5 Qd2+ 33. Qf2 Qxf2+
34. Kxf2 Ra1 35. Ne7+ Kd8 36. Ne4 Rxe7 37. dxe7+ Kxe7 38. Nxc5 a5 39. Nb3 Ra2
40. Ke3 a4 41. Nd4 a3 42. Kd2 Ra1 43. Kc3 Rb1 44. Bc4 Be6 45. Nxe6 fxe6 46. h4
Rb8 47. Ba2 Kd6 48. h5 Rg8 49. Kb4 Rxg4+ 50. Kxa3 Rh4 51. Kb2 Rxh5 52. Kc3 e5
53. Bc4 Kc5 54. Bd3 Rh2 55. Be4 Rh3+ 56. Kd2 Kd4 57. Bd3 e4 0-1

[Event "TCh-FRA Top 12 2019"]
[Site "Brest FRA"]
[Date "2019.05.28"]
[Round "11.1"]
[Board "1"]
[White "Stevic, Hrvoje"]
[Black "Fedorov, Alexei"]
[Result "1/2-1/2"]
[WhiteTitle "GM"]
[BlackTitle "GM"]
[WhiteElo "2580"]
[BlackElo "2566"]
[WhiteTeam "Nice Alekhine"]
[BlackTeam "Gonfreville l'Orcher"]
[WhiteFideId "14502569"]
[BlackFideId "13500465"]
[EventDate "2019.05.18"]

1. e4 c5 2. c3 Nf6 3. e5 Nd5 4. Nf3 e6 5. Bc4 d6 6. d4 cxd4 7. cxd4 Be7 8. O-O
O-O 9. Re1 Nc6 10. exd6 Qxd6 11. Nc3 Rd8 12. Bb3 a6 13. g3 Nxc3 14. bxc3 Bd7 15.
Qd3 Rac8 16. Ng5 Bxg5 17. Bxg5 Re8 18. Bc2 f5 19. Bf4 e5 20. Qc4+ Be6 21. dxe5
Qa3 22. Qd3 Na5 23. c4 Qxd3 24. Bxd3 Nxc4 1/2-1/2

[Event "TCh-FRA Top 12 2019"]
[Site "Brest FRA"]
[Date "2019.05.28"]
[Round "11.1"]
[Board "3"]
[White "Lagarde, Maxime"]
[Black "Lefebvre, Herve"]
[Result "1-0"]
[WhiteTitle "GM"]
[BlackTitle "FM"]
[WhiteElo "2600"]
[BlackElo "2291"]
[WhiteTeam "Nice Alekhine"]
[BlackTeam "Gonfreville l'Orcher"]
[WhiteFideId "662399"]
[BlackFideId "607363"]
[EventDate "2019.05.18"]

1. e4 c5 2. c3 Nf6 3. e5 Nd5 4. Nf3 Nc6 5. Bc4 Nb6 6. Bb3 c4 7. Bc2 d5 8. exd6
Qxd6 9. O-O Bg4 10. Qe2 Qf6 11. Be4 e6 12. b3 cxb3 13. axb3 Bd6 14. d4 O-O 15.
Qd3 h6 16. Be3 Nd5 17. Nbd2 a6 18. b4 Rac8 19. Rfc1 Nf4 20. Qf1 Bf5 21. Kh1 g5
22. b5 axb5 23. Qxb5 g4 24. Ng1 Qg6 25. Bxf5 exf5 26. Nf1 Nh5 27. Qxb7 f4 28.
Bd2 Nf6 29. f3 gxf3 30. Nxf3 Ne4 31. Be1 Kh8 32. N1d2 f5 33. Nh4 Qh5 34. Ndf3
Rg8 35. Qd7 Ne7 36. Ra6 Rcd8 37. Qe6 Ng5 38. Qf6+ 1-0

[Event "TCh-FRA Top 12 2019"]
[Site "Brest FRA"]
[Date "2019.05.28"]
[Round "11.1"]
[Board "4"]
[White "Payen, Arnaud"]
[Black "Eljanov, Pavel"]
[Result "0-1"]
[WhiteTitle "IM"]
[BlackTitle "GM"]
[WhiteElo "2358"]
[BlackElo "2661"]
[WhiteTeam "Gonfreville l'Orcher"]
[BlackTeam "Nice Alekhine"]
[WhiteFideId "600814"]
[BlackFideId "14102951"]
[EventDate "2019.05.18"]

1. d4 Nf6 2. Nf3 g6 3. c4 Bg7 4. g3 c5 5. d5 d6 6. Nc3 e6 7. Bg2 exd5 8. cxd5
O-O 9. O-O Re8 10. Nd2 Nbd7 11. h3 a6 12. a4 Rb8 13. Nc4 Ne5 14. Na3 Nh5 15. e4
Bd7 16. a5 b5 17. axb6 Bb5 18. Naxb5 axb5 19. Nxb5 Qxb6 20. Na3 Qb3 21. g4 Nf6
22. g5 Nh5 23. Kh2 Nd3 24. Qxb3 Rxb3 25. Nc4 Rb4 26. Na5 Ra8 27. Bd2 Bxb2 28.
Bxb4 Bxa1 29. Bd2 Bd4 30. Bf3 Nxf2 31. Kg2 Nd3 32. Bxh5 gxh5 33. Rb1 Ne5 34. Kg3
h4+ 35. Kf4 c4 36. Nc6 Nxc6 37. dxc6 Rc8 38. Rc1 Rxc6 39. Bc3 Bxc3 40. Rxc3 Kg7
41. Kg4 f6 42. Kxh4 Kg6 43. gxf6 Kxf6 44. Kg4 Ke5 45. Kf3 Kd4 46. Rc1 c3 0-1

[Event "TCh-FRA Top 12 2019"]
[Site "Brest FRA"]
[Date "2019.05.28"]
[Round "11.1"]
[Board "5"]
[White "Rambaldi, Francesco"]
[Black "Charmeteau, Sven"]
[Result "1-0"]
[WhiteTitle "GM"]
[BlackTitle "FM"]
[WhiteElo "2558"]
[BlackElo "2292"]
[WhiteTeam "Nice Alekhine"]
[BlackTeam "Gonfreville l'Orcher"]
[WhiteFideId "20657307"]
[BlackFideId "638285"]
[EventDate "2019.05.18"]

1. Nf3 Nf6 2. b3 g6 3. Bb2 Bg7 4. g3 O-O 5. Bg2 c5 6. c4 Nc6 7. O-O d6 8. d4 d5
9. dxc5 dxc4 10. Nbd2 Qa5 11. Nxc4 Qxc5 12. Nce5 Nxe5 13. Nxe5 Ng4 14. Bd4 Qb4
15. a3 Qd6 16. Nf3 Ne5 17. Nxe5 Bxe5 18. Bxe5 Qxe5 19. Qd2 a5 20. b4 Ra6 21.
bxa5 Qxa5 22. Qxa5 Rxa5 23. Rfc1 Bg4 24. Rc7 Rfa8 25. Rxe7 Rxa3 26. Rxa3 Rxa3
27. f3 Be6 28. Rxb7 Ra2 29. Kf2 Bc4 30. Bf1 h5 31. Rb4 Bd3 32. Ke3 Ba6 33. Rb8+
Kg7 34. Ra8 Bc4 35. Rc8 Bb5 36. Rc5 Ba6 37. f4 h4 38. Re5 hxg3 39. hxg3 Ra3+ 40.
Kf2 Kf6 41. Bg2 Bc4 42. Bf3 Ra2 43. Rc5 Be6 44. g4 Ra3 45. Kg3 Ba2 46. Kf2 Ra4
47. e3 Bb1 48. Bd5 Be4 49. Bc4 Ra7 50. Kg3 Re7 51. Kf2 Kg7 52. Ke2 Bg2 53. Kd2
Bf3 54. g5 Bg4 55. Rc6 Rd7+ 56. Kc3 Bf3 57. Rc5 Re7 58. Kd4 Re4+ 59. Kd3 Re7 60.
Ra5 Bg2 61. Kd4 Re4+ 62. Kc5 Bh3 63. Ra3 Be6 64. Bb5 Bh3 65. Bc6 Re7 66. Rc3 Ra7
67. Kd6 Be6 68. e4 Ra1 69. Bd5 Ra6+ 70. Ke5 Kg8 71. Rc7 Kg7 72. Rb7 Kg8 73. Rb8+
Kg7 74. Re8 Ra5 75. Kd6 Ra6+ 76. Kc7 Ra7+ 77. Kb6 Ra4 78. Kc5 Ra5+ 79. Kc6 Ra6+
80. Kb7 Ra4 81. Kb6 Rb4+ 82. Kc5 Ra4 83. Bxe6 Rxe4 84. Bxf7 Rxf4 85. Be6 Rf1 86.
Rg8+ Kh7 87. Rd8 Re1 88. Bc4 1-0

[Event "TCh-FRA Top 12 2019"]
[Site "Brest FRA"]
[Date "2019.05.28"]
[Round "11.1"]
[Board "6"]
[White "Vallin, Guillaume"]
[Black "Barseghyan, Harutyun"]
[Result "0-1"]
[WhiteTitle "IM"]
[BlackTitle "IM"]
[WhiteElo "2389"]
[BlackElo "2470"]
[WhiteTeam "Gonfreville l'Orcher"]
[BlackTeam "Nice Alekhine"]
[WhiteFideId "614823"]
[BlackFideId "13304585"]
[EventDate "2019.05.18"]

1. d4 Nf6 2. c4 c5 3. d5 e6 4. Nc3 exd5 5. cxd5 d6 6. e4 g6 7. f4 Bg7 8. Bb5+
Nfd7 9. Be2 O-O 10. Nf3 Na6 11. O-O Nc7 12. a4 a6 13. Nd2 Rb8 14. Nc4 Ne8 15. a5
b5 16. axb6 Nxb6 17. Na5 Bd7 18. Bxa6 Nc7 19. Bb7 Nb5 20. Nxb5 Bxb5 21. Nc6 Qf6
22. Nxb8 Rxb8 23. Ba6 Qd4+ 24. Qxd4 Bxd4+ 25. Kh1 Bxf1 26. Bxf1 Nd7 27. Ra6 Nf6
28. e5 Ne4 29. g3 dxe5 30. fxe5 Bxe5 31. Ra4 Nf6 32. Bc4 Bxb2 33. Bf4 Rb4 34.
Rxb4 cxb4 35. d6 Bd4 36. Kg2 Nd7 37. Bd2 Bc3 38. Be3 Be5 39. Bb5 b3 40. Bc1 Nc5
41. d7 Nb7 42. Ba3 Kg7 43. Bc4 b2 44. Ba2 f5 45. Be7 Bf6 46. Ba3 Nd8 47. Kf2 Nc6
48. Ke2 Kh6 49. Kd1 Ne5 50. Bxb2 Nxd7 51. Be6 Nc5 52. Bxf6 Nxe6 53. Ke2 Kh5 54.
Kf3 Ng5+ 55. Kf4 Nh3+ 56. Kf3 g5 57. Be5 g4+ 58. Kg2 Kg6 59. Bc7 Kf6 60. Bb8 Ke6
61. Bc7 Kd5 62. Bd8 Ke4 63. Be7 Ke3 64. Bd8 Ke2 65. Be7 Nf2 66. Bd8 Nd3 67. Be7
Ne1+ 68. Kg1 Kf3 69. Bb4 Ng2 70. Be7 Ne3 71. Bd6 Nd5 72. Kf1 Nc3 73. Be5 Ne4 74.
Bc7 Nd2+ 75. Kg1 Nc4 76. Kf1 h5 77. Bd8 Nd2+ 78. Kg1 Ne4 79. Bc7 Nf6 80. Bd8 Nd5
81. Kf1 Ne3+ 82. Kg1 Nc4 83. Bc7 Nb2 84. Be5 Nd3 85. Bc7 Nb4 86. Bd6 Nd5 87. Bb8
Ne7 88. Bc7 Ng6 89. Bd8 f4 90. gxf4 Nxf4 91. Bc7 Ne2+ 92. Kh1 Kf2 93. Bb6+ Kf1
94. Bc7 h4 95. Bd8 g3 96. hxg3 hxg3 97. Bb6 Nf4 0-1

[Event "TCh-FRA Top 12 2019"]
[Site "Brest FRA"]
[Date "2019.05.28"]
[Round "11.1"]
[Board "7"]
[White "Flear, Glenn C"]
[Black "Jeanne, Mickael"]
[Result "1-0"]
[WhiteTitle "GM"]
[WhiteElo "2445"]
[BlackElo "2150"]
[WhiteTeam "Nice Alekhine"]
[BlackTeam "Gonfreville l'Orcher"]
[WhiteFideId "400165"]
[BlackFideId "637963"]
[EventDate "2019.05.18"]

1. d4 d5 2. c4 e6 3. Nc3 Nf6 4. cxd5 Nxd5 5. e4 Nxc3 6. bxc3 c5 7. Nf3 cxd4 8.
cxd4 Bb4+ 9. Bd2 Bxd2+ 10. Qxd2 O-O 11. Bc4 Nd7 12. O-O b6 13. Rad1 Bb7 14. Rfe1
Rc8 15. Bb3 Qc7 16. h3 e5 17. dxe5 Nxe5 18. Nd4 Qe7 19. Nf5 Qf6 20. Qd6 Qxd6 21.
Nxd6 Rb8 22. f4 Ng6 23. g3 Bc6 24. e5 h5 25. h4 Ne7 26. f5 Rbd8 27. Nxf7 Rxd1
28. Rxd1 Nxf5 29. Nd8+ 1-0

[Event "TCh-FRA Top 12 2019"]
[Site "Brest FRA"]
[Date "2019.05.28"]
[Round "11.1"]
[Board "8"]
[White "Fruteau, Sabine"]
[Black "De Seroux, Camille"]
[Result "0-1"]
[WhiteTitle "WFM"]
[BlackTitle "WFM"]
[WhiteElo "2015"]
[BlackElo "2143"]
[WhiteTeam "Gonfreville l'Orcher"]
[BlackTeam "Nice Alekhine"]
[WhiteFideId "601942"]
[BlackFideId "1305620"]
[EventDate "2019.05.18"]

1. e4 c5 2. Nf3 d6 3. Bb5+ Nd7 4. c4 a6 5. Ba4 Nf6 6. Nc3 e6 7. O-O Be7 8. d3
O-O 9. Bxd7 Bxd7 10. h3 b5 11. Nh2 Bc6 12. f4 bxc4 13. dxc4 Nxe4 0-1

[Event "TCh-FRA Top 12 2019"]
[Site "Brest FRA"]
[Date "2019.05.28"]
[Round "11.2"]
[Board "2"]
[White "Malakhov, Vladimir"]
[Black "Loiseau, Quentin"]
[Result "1/2-1/2"]
[WhiteTitle "GM"]
[BlackTitle "IM"]
[WhiteElo "2660"]
[BlackElo "2471"]
[WhiteTeam "Club d'Echecs Metz Fischer"]
[BlackTeam "Grasse Echecs"]
[WhiteFideId "4120787"]
[BlackFideId "665274"]
[EventDate "2019.05.18"]

1. Nf3 d5 2. e3 Nf6 3. c4 e6 4. Nc3 c6 5. b3 Bd6 6. Bb2 O-O 7. d4 Nbd7 8. Bd3
Re8 9. h3 a6 10. O-O b5 11. c5 Bc7 12. Qc2 e5 13. dxe5 Nxe5 14. Nxe5 Bxe5 15.
Ne2 Bxb2 16. Qxb2 Ne4 17. Bxe4 Rxe4 18. a4 bxa4 19. Rxa4 Rb8 20. Rfa1 Qg5 21.
Kh2 Qe7 22. Qc3 Rb5 23. Rc1 Qc7+ 24. Kg1 Rxa4 25. bxa4 Rb8 26. Nd4 a5 27. h4 Rb4
28. Qa3 Ba6 29. Qc3 h6 30. g3 Bc8 31. Qc2 Qb7 32. Kg2 Bd7 33. Qd1 Qb8 34. Rc3
Qa7 35. Qc2 Qa6 36. Rb3 h5 37. Rb1 g6 38. Rb2 Qb7 39. Rxb4 Qxb4 40. Qb3 Qe1 41.
Qb8+ Kh7 42. Qf4 Kg8 43. Nf3 Qb1 44. Ng5 Bf5 45. Qc7 Be4+ 46. f3 Qb2+ 47. Kh3
Qf6 48. fxe4 Qf1+ 49. Kh2 1/2-1/2

[Event "TCh-FRA Top 12 2019"]
[Site "Brest FRA"]
[Date "2019.05.28"]
[Round "11.2"]
[Board "3"]
[White "Santos Ruiz, Miguel"]
[Black "Feller, Sebastien"]
[Result "1/2-1/2"]
[WhiteTitle "GM"]
[BlackTitle "GM"]
[WhiteElo "2549"]
[BlackElo "2587"]
[WhiteTeam "Grasse Echecs"]
[BlackTeam "Club d'Echecs Metz Fischer"]
[WhiteFideId "22291482"]
[BlackFideId "634654"]
[EventDate "2019.05.18"]

1. e4 e5 2. Nf3 Nc6 3. Bb5 Nf6 4. O-O Nxe4 5. Re1 Nd6 6. Nxe5 Nxe5 7. Rxe5+ Be7
8. Bf1 O-O 9. Nc3 Ne8 10. Nd5 Bd6 11. Re1 c6 12. Ne3 Be7 13. c4 Nc7 14. d4 d5
15. cxd5 Bb4 16. Bd2 Bxd2 17. Qxd2 Nxd5 18. Nxd5 Qxd5 19. Re5 Qd6 20. Bc4 Bd7 1/2-1/2

[Event "TCh-FRA Top 12 2019"]
[Site "Brest FRA"]
[Date "2019.05.28"]
[Round "11.2"]
[Board "4"]
[White "Postny, Evgeny"]
[Black "Wirig, Anthony"]
[Result "1/2-1/2"]
[WhiteTitle "GM"]
[BlackTitle "GM"]
[WhiteElo "2603"]
[BlackElo "2516"]
[WhiteTeam "Club d'Echecs Metz Fischer"]
[BlackTeam "Grasse Echecs"]
[WhiteFideId "2804344"]
[BlackFideId "615013"]
[EventDate "2019.05.18"]

1. d4 e6 2. c4 Bb4+ 3. Bd2 Bxd2+ 4. Qxd2 d6 5. Nf3 Nf6 6. Nc3 O-O 7. g3 Qe7 8.
Bg2 e5 9. O-O Re8 10. h3 h6 11. e4 a5 12. Rfe1 Nc6 13. Rad1 Bd7 14. Nd5 Qd8 15.
dxe5 Nxd5 16. exd6 Nb6 17. c5 Nc4 18. Qc3 N4e5 19. Nxe5 Nxe5 20. f4 1/2-1/2

[Event "TCh-FRA Top 12 2019"]
[Site "Brest FRA"]
[Date "2019.05.28"]
[Round "11.2"]
[Board "5"]
[White "Apicella, Manuel"]
[Black "Terrieux, Kevin"]
[Result "1/2-1/2"]
[WhiteTitle "GM"]
[BlackTitle "IM"]
[WhiteElo "2502"]
[BlackElo "2455"]
[WhiteTeam "Grasse Echecs"]
[BlackTeam "Club d'Echecs Metz Fischer"]
[WhiteFideId "600164"]
[BlackFideId "622591"]
[EventDate "2019.05.18"]

1. e4 c5 2. Nf3 Nc6 3. Bb5 Qb6 4. Nc3 e6 5. O-O Nge7 6. Re1 a6 7. Bf1 Ng6 8. b3
Be7 9. Bb2 O-O 10. Na4 Qc7 11. c4 e5 12. Nc3 d6 13. Nd5 Qd8 14. h3 f5 15. exf5
Bxf5 16. b4 b6 17. d3 Bf6 18. g3 Nxb4 19. Nxb4 cxb4 20. Bg2 Ra7 21. Kh2 Kh8 22.
a3 bxa3 23. Rxa3 Bc8 24. Nd2 Bg5 25. Ne4 Raf7 26. d4 Be7 27. d5 Re8 28. Bc1 Nf8
29. Rf3 Rxf3 30. Qxf3 Nd7 31. Qh5 g6 32. Qh6 Bf8 33. Qe3 Nc5 34. Ng5 Kg8 35. g4
Bg7 36. Ne4 Rf8 37. Qe2 Nxe4 38. Bxe4 Qh4 39. Be3 h5 40. f3 hxg4 41. fxg4 Bh6
42. Rg1 Bf4+ 43. Bxf4 Rxf4 44. Rg2 Kg7 45. Bf3 Qf6 46. Be4 Qh4 47. Bf3 Qf6 48.
Be4 Rf1 49. Bf5 Rc1 50. Bxc8 Qf4+ 51. Rg3 Rc3 52. Qg2 Rc1 53. Qf3 Rc2+ 54. Kh1
Rc1+ 55. Kh2 Rc2+ 56. Kh1 Rc1+ 1/2-1/2

[Event "TCh-FRA Top 12 2019"]
[Site "Brest FRA"]
[Date "2019.05.28"]
[Round "11.2"]
[Board "6"]
[White "Koch, Jean-Rene"]
[Black "Milliet, Sophie"]
[Result "1/2-1/2"]
[WhiteTitle "IM"]
[BlackTitle "IM"]
[WhiteElo "2465"]
[BlackElo "2400"]
[WhiteTeam "Club d'Echecs Metz Fischer"]
[BlackTeam "Grasse Echecs"]
[WhiteFideId "600148"]
[BlackFideId "623725"]
[EventDate "2019.05.18"]

1. c4 Nf6 2. Nc3 g6 3. e4 d6 4. g3 Bg7 5. Bg2 O-O 6. Nge2 c5 7. d3 Nc6 8. O-O
Rb8 9. h3 a6 10. a4 Ne8 11. Be3 b5 12. cxb5 axb5 13. Nxb5 Nc7 14. d4 Nxb5 15.
axb5 Rxb5 16. dxc5 dxc5 17. Nc3 Rxb2 18. Na4 Rb4 19. Bxc5 Rc4 20. Qxd8 Rxd8 21.
Ra3 Be6 22. Rb1 Bd4 23. Bxd4 Nxd4 24. Nb6 Rb8 25. Ra8 Rxa8 26. Nxa8 Rc8 27. Nb6
Rb8 28. Rb2 g5 1/2-1/2

[Event "TCh-FRA Top 12 2019"]
[Site "Brest FRA"]
[Date "2019.05.28"]
[Round "11.2"]
[Board "7"]
[White "Riff, Vincent"]
[Black "Vitoux, Colomban"]
[Result "1/2-1/2"]
[WhiteTitle "FM"]
[BlackTitle "IM"]
[WhiteElo "2399"]
[BlackElo "2384"]
[WhiteTeam "Grasse Echecs"]
[BlackTeam "Club d'Echecs Metz Fischer"]
[WhiteFideId "617776"]
[BlackFideId "628549"]
[EventDate "2019.05.18"]

1. e4 c5 2. Nf3 d6 3. d4 cxd4 4. Nxd4 Nf6 5. Nc3 g6 6. Be2 Bg7 7. Be3 Nc6 8. O-O
O-O 9. Qd2 Ng4 10. Bxg4 Bxg4 11. Nxc6 bxc6 12. Bh6 Bxh6 13. Qxh6 e5 14. Qd2 1/2-1/2

[Event "TCh-FRA Top 12 2019"]
[Site "Brest FRA"]
[Date "2019.05.28"]
[Round "11.2"]
[Board "8"]
[White "Monpeurt, Cyrielle"]
[Black "Ter Sarkissoff, Jean-Jacques"]
[Result "1-0"]
[WhiteTitle "WFM"]
[WhiteElo "2166"]
[BlackElo "2001"]
[WhiteTeam "Club d'Echecs Metz Fischer"]
[BlackTeam "Grasse Echecs"]
[WhiteFideId "677400"]
[BlackFideId "609617"]
[EventDate "2019.05.18"]

1. e4 c5 2. Nf3 g6 3. d4 Bg7 4. Nc3 cxd4 5. Nxd4 Nc6 6. Nde2 Nf6 7. g3 b5 8. Bg2
Rb8 9. O-O b4 10. Nd5 O-O 11. h3 d6 12. Kh2 Ba6 13. Bg5 Re8 14. Qd2 Rc8 15.
Nxf6+ exf6 16. Be3 d5 17. exd5 f5 18. Rfe1 Bxe2 19. Rxe2 Bxb2 20. Rd1 Bc3 21.
Qd3 Ne5 22. Qa6 Nc4 23. d6 Qd7 24. Rd3 1-0

[Event "TCh-FRA Top 12 2019"]
[Site "Brest FRA"]
[Date "2019.05.28"]
[Round "11.3"]
[Board "2"]
[White "Colin, Vincent"]
[Black "Van Wely, Loek"]
[Result "0-1"]
[WhiteTitle "IM"]
[BlackTitle "GM"]
[WhiteElo "2383"]
[BlackElo "2600"]
[WhiteTeam "T H F Saint-Quentin"]
[BlackTeam "Clichy-Echecs-92"]
[WhiteFideId "612324"]
[BlackFideId "1000268"]
[EventDate "2019.05.18"]

1. d4 Nf6 2. c4 e6 3. Nc3 Bb4 4. e3 O-O 5. Bd3 c5 6. Nf3 cxd4 7. exd4 d5 8. cxd5
Nxd5 9. O-O Nc6 10. h4 Be7 11. Re1 Bxh4 12. g3 Bf6 13. Kg2 g6 14. Bh6 Nxc3 15.
bxc3 Re8 16. Be4 Bd7 17. Qd2 Rc8 18. Rad1 Na5 19. Ne5 Ba4 20. Qf4 Bxd1 21. Rxd1
Nc6 22. Rh1 Nxe5 23. dxe5 Be7 24. Bg7 Bg5 25. Qf3 Kxg7 26. Rxh7+ Kxh7 27. Qxf7+
Kh8 28. Qxg6 Rc7 29. f4 Bxf4 30. Qh5+ Kg8 31. gxf4 Rf8 0-1

[Event "TCh-FRA Top 12 2019"]
[Site "Brest FRA"]
[Date "2019.05.28"]
[Round "11.3"]
[Board "3"]
[White "Van Foreest, Jorden"]
[Black "Brochet, Philippe"]
[Result "1-0"]
[WhiteTitle "GM"]
[BlackTitle "IM"]
[WhiteElo "2601"]
[BlackElo "2400"]
[WhiteTeam "Clichy-Echecs-92"]
[BlackTeam "T H F Saint-Quentin"]
[WhiteFideId "1039784"]
[BlackFideId "602469"]
[EventDate "2019.05.18"]

1. d4 d5 2. c4 e6 3. Nc3 a6 4. cxd5 exd5 5. Qb3 c6 6. e4 dxe4 7. Bc4 Qc7 8. Nxe4
b5 9. Bd3 Be6 10. Qc2 Nd7 11. Nf3 Ngf6 12. O-O h6 13. a4 Rc8 14. axb5 axb5 15.
Nxf6+ Nxf6 16. Bf5 Bxf5 17. Qxf5 Rd8 18. Re1+ Be7 19. Bf4 Qb7 20. Rxe7+ 1-0

[Event "TCh-FRA Top 12 2019"]
[Site "Brest FRA"]
[Date "2019.05.28"]
[Round "11.3"]
[Board "5"]
[White "Delorme, Axel"]
[Black "Geenen, Marc"]
[Result "1-0"]
[WhiteTitle "GM"]
[BlackTitle "FM"]
[WhiteElo "2489"]
[BlackElo "2246"]
[WhiteTeam "Clichy-Echecs-92"]
[BlackTeam "T H F Saint-Quentin"]
[WhiteFideId "632023"]
[BlackFideId "200085"]
[EventDate "2019.05.18"]

1. e4 e5 2. Nf3 Nc6 3. Bb5 a6 4. Ba4 Nf6 5. O-O b5 6. Bb3 Bb7 7. d3 Bd6 8. a4
Na5 9. Ba2 c5 10. Nh4 O-O 11. Nf5 Bc7 12. Bg5 h6 13. Bh4 Kh8 14. Qc1 g5 15. Bxg5
hxg5 16. Qxg5 Rg8 17. Qh6+ Nh7 18. Bxf7 Qf6 19. Bxg8 Rxg8 20. Qxf6+ Nxf6 21.
axb5 axb5 22. Nc3 b4 23. Nb5 Bb6 24. Nbd6 Ba8 25. Rfe1 Rf8 26. b3 Nc6 27. Ra6 1-0